[Event "George Trundle Masters"]
[Site "Auckland"]
[Date "2014.10.04"]
[Round "8"]
[White "Lane, Gary William"]
[Black "Smirnov, Vladimir"]
[Result "1/2-1/2"]
[WhiteElo "2351"]
[BlackElo "2370"]
[PlyCount "72"]
[EventDate "2014.09.27"]
[EventType "tourn"]
[EventRounds "9"]
[EventCountry "NZL"]
[SourceTitle "EXT 2018"]
[Source "ChessBase"]
[SourceDate "2017.10.13"]
[SourceVersion "1"]
[SourceVersionDate "2017.10.13"]
[SourceQuality "1"]

1. e4 e5 2. Bc4 Nf6 3. d3 c6 4. Nf3 d5 5. Bb3 Bd6 6. exd5 Nxd5 7. 0-0 0-0 8. Re1 Re8 9. Nbd2 Nd7 10. Ne4 Bf8 11. d4 h6 12. h3 a5 13. a4 b6 14. dxe5 Nxe5 15. Nxe5 Rxe5 16. c4 Qe7 17. cxd5 Rxe4 18. Rxe4 Qxe4 19. dxc6 Be6 20. Be3 Qxc6 21. Rc1 Bxb3 22. Qxb3 Bc5 23. Bxc5 bxc5 24. Qb5 Qe4 25. b3 Qb4 26. Qxb4 cxb4 27. Kf1 Rd8 28. Ke2 Rd5 29. Rc8+ Kh7 30. Rb8 Rc5 31. Rb5 Rc3 32. Rxa5 Rxb3 33. Rb5 Rb2+ 34. Kf3 b3 35. a5 Ra2 36. Rxb3 Rxa5 1/2-1/2

[Event "George Trundle Masters"]
[Site "Auckland"]
[Date "2014.10.03"]
[Round "7"]
[White "Smirnov, Vladimir"]
[Black "Polishchuk, Kirill"]
[Result "0-1"]
[WhiteElo "2370"]
[BlackElo "2197"]
[PlyCount "88"]
[EventDate "2014.09.27"]
[EventType "tourn"]
[EventRounds "9"]
[EventCountry "NZL"]
[SourceTitle "EXT 2018"]
[Source "ChessBase"]
[SourceDate "2017.10.13"]
[SourceVersion "1"]
[SourceVersionDate "2017.10.13"]
[SourceQuality "1"]

1. d4 Nf6 2. Nf3 c5 3. c4 e6 4. Nc3 cxd4 5. Nxd4 Bb4 6. e3 Ne4 7. Bd2 Bxc3 8. Bxc3 Nxc3 9. bxc3 0-0 10. Bd3 f5 11. 0-0 d6 12. e4 Nc6 13. exf5 Nxd4 14. cxd4 exf5 15. Qf3 Qf6 16. Rad1 Rb8 17. Rfe1 b6 18. Qe3 Rb7 19. f4 Rc7 20. Bf1 g6 21. g3 Bb7 22. Qe6+ Kg7 23. Qxf6+ Kxf6 24. d5 Bc8 25. Re3 Re7 26. Rxe7 Kxe7 27. Kf2 Kd7 28. Re1 Bb7 29. Re3 Rc8 30. Ra3 a6 31. Rb3 Kc7 32. Be2 Rf8 33. Re3 Kd7 34. h4 b5 35. cxb5 Bxd5 36. bxa6 Be4 37. Rc3 Rb8 38. a4 Bc6 39. Rxc6 Kxc6 40. a7 Ra8 41. Bf3+ d5 42. Ke3 Rxa7 43. Kd4 Rxa4+ 44. Ke5 Re4+ 0-1

[Event "George Trundle Masters"]
[Site "Auckland"]
[Date "2014.09.29"]
[Round "3"]
[White "Smirnov, Vladimir"]
[Black "Steadman, Michael VR"]
[Result "1/2-1/2"]
[WhiteElo "2370"]
[BlackElo "2258"]
[PlyCount "30"]
[EventDate "2014.09.27"]
[EventType "tourn"]
[EventRounds "9"]
[EventCountry "NZL"]
[SourceTitle "EXT 2018"]
[Source "ChessBase"]
[SourceDate "2017.10.13"]
[SourceVersion "1"]
[SourceVersionDate "2017.10.13"]
[SourceQuality "1"]

1. d4 d5 2. Nf3 c6 3. e3 e6 4. c4 f5 5. Bd3 Nf6 6. 0-0 Bd6 7. b3 Qe7 8. Bb2 0-0 9. Ne5 b6 10. f4 Bb7 11. Nd2 Ne4 12. Ndf3 a5 13. Rc1 Rc8 14. cxd5 exd5 15. Qe2 a4 1/2-1/2

[Event "Australian Masters-B"]
[Site "Melbourne"]
[Date "2013.12.21"]
[Round "8"]
[White "Smith, Robert Wayne"]
[Black "Smirnov, Vladimir"]
[Result "1-0"]
[WhiteElo "2238"]
[BlackElo "2379"]
[PlyCount "121"]
[EventDate "2013.12.14"]
[EventType "tourn"]
[EventRounds "9"]
[EventCountry "AUS"]
[SourceTitle "CBM 158 Extra"]
[Source "ChessBase"]
[SourceDate "2014.02.28"]
[SourceVersion "1"]
[SourceVersionDate "2014.02.28"]
[SourceQuality "1"]

1. e4 c5 2. Nf3 Nc6 3. d4 cxd4 4. Nxd4 Nf6 5. Nc3 e5 6. Ndb5 h6 7. Nd6+ Bxd6 8. Qxd6 Qe7 9. Qxe7+ Kxe7 10. Be3 d6 11. 0-0-0 Be6 12. f3 a6 13. a3 Rac8 14. g4 Na5 15. h4 Nc4 16. Bxc4 Bxc4 17. Rh2 h5 18. g5 Nd7 19. Rhd2 Rc6 20. f4 Rhc8 21. f5 b5 22. Rf2 Nc5 23. Bxc5 Rxc5 24. f6+ gxf6 25. Rxf6 Be6 26. Rd2 Rxc3 27. bxc3 Rxc3 28. Rd3 Rc4 29. Re3 Bd7 30. Rf2 Bc6 31. Rfe2 Ke6 32. Kb2 f5 33. gxf6 Kxf6 34. Rc3 Rc5 35. Rxc5 dxc5 36. Rf2+ Ke6 37. Rf5 Be8 38. Rg5 a5 39. c3 Bf7 40. Kc2 Kd6 41. Rf5 Ke6 42. Kd3 b4 43. cxb4 cxb4 44. axb4 axb4 45. Kc4 Bg6 46. Rg5 Bxe4 47. Rxh5 Bf3 48. Rg5 e4 49. Kxb4 e3 50. Kc3 e2 51. Kd2 Kf6 52. Ke1 Ke6 53. h5 Kf6 54. h6 Kxg5 55. h7 Bg4 56. h8Q Bh5 57. Kf2 Kg6 58. Qe5 Bg4 59. Kg3 Bh5 60. Kf4 Kh6 61. Qg5+ 1-0

[Event "Australian Masters-B"]
[Site "Melbourne"]
[Date "2013.12.20"]
[Round "7"]
[White "Lee, Wang Sheng"]
[Black "Smirnov, Vladimir"]
[Result "1/2-1/2"]
[WhiteElo "2254"]
[BlackElo "2379"]
[PlyCount "188"]
[EventDate "2013.12.14"]
[EventType "tourn"]
[EventRounds "9"]
[EventCountry "AUS"]
[SourceTitle "CBM 158 Extra"]
[Source "ChessBase"]
[SourceDate "2014.02.28"]
[SourceVersion "1"]
[SourceVersionDate "2014.02.28"]
[SourceQuality "1"]

1. d4 d5 2. c4 c6 3. cxd5 cxd5 4. Bf4 Nf6 5. Nc3 Nc6 6. e3 a6 7. Bd3 Bg4 8. f3 Bh5 9. Nge2 e6 10. g4 Bg6 11. h4 Bd6 12. Kf2 Qe7 13. Bxd6 Qxd6 14. g5 Nd7 15. Nf4 Bxd3 16. Nxd3 h6 17. f4 h5 18. Na4 g6 19. Rc1 0-0 20. Qd2 Rac8 21. Nac5 Nxc5 22. Rxc5 Ne7 23. Ne5 Nf5 24. Rhc1 Rxc5 25. Rxc5 Rb8 26. Qc2 Qd8 27. Rc7 Nd6 28. Nxf7 Ne4+ 29. Kg2 Qe8 30. Ne5 Rd8 31. a4 Qf8 32. Nxg6 Qb4 33. Ne7+ Kf8 34. Ng6+ Kg8 35. Ne7+ Kf8 36. Qe2 Qb6 37. Ng6+ Kg8 38. Rc1 Kf7 39. Ne5+ Ke7 40. Kh3 Qb3 41. Kh2 Kf8 42. a5 Qb4 43. Kh3 Qb3 44. Rc2 Ke7 45. Rc7+ Kd6 46. Rc1 Ke7 47. Nd3 Kd6 48. Qc2 Qxc2 49. Rxc2 Rb8 50. Nc5 Nxc5 51. dxc5+ Kc6 52. Kg3 Rd8 53. Rc3 Rd7 54. f5 exf5 55. Kf4 Re7 56. Kxf5 Re4 57. g6 Rxh4 58. Kg5 Rh2 59. g7 Rxb2 60. Kxh5 Rh2+ 61. Kg6 Rg2+ 62. Kf7 Rf2+ 63. Ke7 Rg2 64. Kf8 Rf2+ 65. Ke8 Rg2 66. Kf8 Rf2+ 67. Kg8 Rf3 68. Rb3 Kxc5 69. Kh7 Rh3+ 70. Kg6 Rg3+ 71. Kf6 Rf3+ 72. Ke5 Rg3 73. Rxb7 Rxe3+ 74. Kf4 Re8 75. Rf7 Rg8 76. Ke5 Kb5 77. Kxd5 Kxa5 78. Kc5 Rc8+ 79. Kd4 Rg8 80. Rb7 Ka4 81. Ke5 a5 82. Kf6 Ka3 83. Kf7 Rc8 84. g8Q Rxg8 85. Kxg8 a4 86. Kf7 Ka2 87. Ke6 a3 88. Kd5 Ka1 89. Kc4 a2 90. Rh7 Kb2 91. Rh2+ Ka3 92. Rh3+ Kb2 93. Rh2+ Ka3 94. Rxa2+ Kxa2 1/2-1/2

[Event "Australian Masters-B"]
[Site "Melbourne"]
[Date "2013.12.15"]
[Round "2"]
[White "Smirnov, Vladimir"]
[Black "Levi, Eddy"]
[Result "1-0"]
[WhiteElo "2379"]
[BlackElo "2146"]
[PlyCount "113"]
[EventDate "2013.12.14"]
[EventType "tourn"]
[EventRounds "9"]
[EventCountry "AUS"]
[SourceTitle "CBM 158 Extra"]
[Source "ChessBase"]
[SourceDate "2014.02.28"]
[SourceVersion "1"]
[SourceVersionDate "2014.02.28"]
[SourceQuality "1"]

1. Nf3 Nc6 2. d4 d5 3. c4 Bg4 4. Nc3 e6 5. Bg5 Be7 6. Bxe7 Ngxe7 7. e3 0-0 8. Be2 dxc4 9. Bxc4 Nd5 10. Rc1 Nce7 11. 0-0 c6 12. h3 Bh5 13. Be2 Nc8 14. Ne4 Nd6 15. Nc5 Qe7 16. a3 a5 17. Qc2 Rac8 18. Rfd1 Rfd8 19. Ne5 Bxe2 20. Qxe2 f6 21. Nc4 Nxc4 22. Qxc4 Kh8 23. Qb3 b5 24. Qc2 a4 25. Qe4 Re8 26. Nd3 Qd6 27. Rc5 Re7 28. Rdc1 Rec7 29. R5c2 Kg8 30. Nc5 Re7 31. Qf3 Kh8 32. Ne4 Qd7 33. Nc3 Nb6 34. Qg3 Ree8 35. Ne4 e5 36. Rd2 Nc4 37. Rxc4 bxc4 38. dxe5 Qc7 39. Nd6 Red8 40. e6 Kg8 41. e7 Qxe7 42. Nxc8 Rxc8 43. Qg4 f5 44. Qxc4+ Kh8 45. Qxa4 h6 46. Qc4 c5 47. b4 Qa7 48. Rd5 Qxa3 49. Rxc5 Rd8 50. Rc8 Qa1+ 51. Kh2 Qe5+ 52. g3 Rxc8 53. Qxc8+ Kh7 54. Qc5 Qe4 55. b5 g5 56. Qc7+ Kg6 57. Qc6+ 1-0

[Event "Melbourne Australasian IM"]
[Site "Melbourne"]
[Date "2012.12.13"]
[Round "6"]
[White "Smirnov, Vladimir"]
[Black "Morris, James"]
[Result "0-1"]
[WhiteElo "2399"]
[BlackElo "2371"]
[PlyCount "44"]
[EventDate "2012.12.08"]
[EventType "tourn"]
[EventRounds "9"]
[EventCountry "AUS"]
[EventCategory "2"]
[SourceTitle "EXT 2023"]
[Source "ChessBase"]
[SourceDate "2022.10.05"]
[SourceVersion "1"]
[SourceVersionDate "2022.10.05"]
[SourceQuality "1"]

1. d4 Nf6 2. Nf3 g6 3. Nbd2 d5 4. e3 Bg7 5. b4 0-0 6. Bb2 c6 7. c4 a5 8. b5 a4 9. Rc1 dxc4 10. Bxc4 cxb5 11. Bxb5 Qb6 12. Rc5 Be6 13. Ba1 Na6 14. Bxa6 Qxa6 15. a3 b6 16. Rc3 Nd5 17. Rc1 Rfc8 18. Rb1 Bf5 19. e4 Nf4 20. Nh4 Bd7 21. Qf3 Nd3+ 22. Kf1 Rc1+ 0-1

[Event "Melbourne Australasian IM"]
[Site "Melbourne"]
[Date "2012.12.09"]
[Round "2"]
[White "Smirnov, Vladimir"]
[Black "Dragicevic, Domagoj"]
[Result "1-0"]
[WhiteElo "2399"]
[BlackElo "2249"]
[PlyCount "69"]
[EventDate "2012.12.08"]
[EventType "tourn"]
[EventRounds "9"]
[EventCountry "AUS"]
[EventCategory "2"]
[SourceTitle "EXT 2023"]
[Source "ChessBase"]
[SourceDate "2022.10.05"]
[SourceVersion "1"]
[SourceVersionDate "2022.10.05"]
[SourceQuality "1"]

1. d4 Nf6 2. Nf3 g6 3. Nbd2 d5 4. e3 Bg7 5. b4 a5 6. b5 Nbd7 7. c4 c5 8. bxc6 bxc6 9. Ba3 0-0 10. Be2 Re8 11. 0-0 e5 12. cxd5 Nxd5 13. Rc1 Nb4 14. Bxb4 axb4 15. Bc4 e4 16. Ne1 Nb6 17. Qb3 Qe7 18. Nc2 Bf8 19. Nxb4 Nxc4 20. Rxc4 Be6 21. Nxc6 Qc7 22. Rfc1 Bxc4 23. Rxc4 Ra3 24. Qb1 Rea8 25. Rc2 Qd7 26. Nc4 R3a6 27. Nb8 Qa4 28. Nxa6 Rxa6 29. Nd2 Qa3 30. Nb3 Qb4 31. g3 f5 32. Nd2 Qd6 33. Nc4 Qe6 34. Qb3 Rc6 35. Qb5 1-0

[Event "AUS-ch Major"]
[Site "Geelong"]
[Date "2011.12.30"]
[Round "4"]
[White "Morris, James"]
[Black "Smirnov, Vladimir"]
[Result "1/2-1/2"]
[WhiteElo "2364"]
[BlackElo "2401"]
[PlyCount "75"]
[EventDate "2011.12.27"]
[EventType "swiss"]
[EventRounds "11"]
[EventCountry "AUS"]
[SourceTitle "CBM 146 Extra"]
[Source "ChessBase"]
[SourceDate "2012.02.29"]
[SourceVersion "1"]
[SourceVersionDate "2012.02.29"]
[SourceQuality "1"]

1. e4 e5 2. Nf3 Nc6 3. Bb5 f5 4. Nc3 fxe4 5. Nxe4 d5 6. Nxe5 dxe4 7. Qh5+ g6 8. Nxg6 hxg6 9. Qxh8 Nf6 10. d3 Be6 11. Bg5 Kf7 12. Qxf6+ Qxf6 13. Bxf6 Kxf6 14. Bxc6 bxc6 15. dxe4 Ke5 16. f3 Bb4+ 17. c3 Bc5 18. Kd2 a5 19. Kc2 a4 20. b3 a3 21. Rad1 Rh8 22. g3 Bh3 23. b4 Bd6 24. Rhe1 g5 25. Rd2 Be6 26. h4 Rf8 27. Rf2 Bg4 28. f4+ gxf4 29. gxf4+ Rxf4 30. Rxf4 Kxf4 31. Kb3 Be5 32. c4 Bb2 33. e5 Be6 34. h5 Kg5 35. Rh1 Kh6 36. Rh2 Bg4 37. Rh1 Be6 38. Rh2 1/2-1/2

[Event "AUS-ch Major"]
[Site "Cammeray"]
[Date "2011.01.05"]
[Round "4"]
[White "Smirnov, Vladimir"]
[Black "Salaberry, Gustavo"]
[Result "1-0"]
[WhiteElo "2382"]
[BlackElo "2254"]
[PlyCount "103"]
[EventDate "2011.01.02"]
[EventType "swiss"]
[EventRounds "11"]
[EventCountry "AUS"]
[SourceTitle "CBM 140 Extra"]
[Source "ChessBase"]
[SourceDate "2011.03.01"]
[SourceVersion "1"]
[SourceVersionDate "2011.03.01"]
[SourceQuality "1"]

1. d4 e6 2. c4 Nf6 3. Nf3 Bb4+ 4. Nbd2 b6 5. a3 Bxd2+ 6. Bxd2 Bb7 7. Bg5 h6 8. Bh4 d6 9. e3 Nbd7 10. Be2 Qe7 11. Nd2 e5 12. Bf3 e4 13. Be2 a5 14. Nb1 0-0 15. Nc3 c6 16. 0-0 Rfe8 17. Rc1 Qf8 18. Bg3 Rac8 19. Qb3 Ba8 20. Rfd1 Rb8 21. a4 Re6 22. Qa3 Rc8 23. b3 Ne8 24. d5 cxd5 25. cxd5 Re5 26. Bxe5 Nxe5 27. Nxe4 Rxc1 28. Qxc1 f5 29. Qc8 fxe4 30. Qxa8 Nf6 31. Qxf8+ Kxf8 32. f4 exf3 33. gxf3 Ned7 34. Kf2 Nc5 35. e4 Nfd7 36. Rb1 g5 37. Ke3 Nf6 38. b4 Nxa4 39. bxa5 bxa5 40. Ra1 Nc5 41. Rxa5 Kg7 42. Bd3 Nfd7 43. Bb5 Ne5 44. Ra7+ Kf6 45. Rh7 Kg6 46. Rh8 Kg7 47. Rd8 Nf7 48. Rc8 Kf6 49. Be8 Ne5 50. Bh5 Ncd7 51. Kd4 Ke7 52. Re8+ 1-0

[Event "Australian Masters"]
[Site "Canterbury"]
[Date "2010.12.08"]
[Round "5"]
[White "Smirnov, Vladimir"]
[Black "Solomon, Stephen J"]
[Result "1/2-1/2"]
[WhiteElo "2379"]
[BlackElo "2397"]
[PlyCount "80"]
[EventDate "2010.12.04"]
[EventType "tourn"]
[EventRounds "9"]
[EventCountry "AUS"]
[EventCategory "3"]
[SourceTitle "CBM 139 Extra"]
[Source "ChessBase"]
[SourceDate "2011.01.05"]
[SourceVersion "1"]
[SourceVersionDate "2011.01.05"]
[SourceQuality "1"]

1. d4 d5 2. c4 e6 3. Nf3 c6 4. Nbd2 c5 5. e3 Nc6 6. b3 Nf6 7. Bd3 cxd4 8. exd4 dxc4 9. Nxc4 Bb4+ 10. Bd2 Bxd2+ 11. Qxd2 Nxd4 12. Nxd4 Qxd4 13. 0-0 Nd5 14. Rad1 Qf4 15. Ne3 Qb4 16. Nxd5 Qxd2 17. Bb5+ Kf8 18. Rxd2 exd5 19. Rxd5 Be6 20. Rc5 a6 21. Bc4 Rc8 22. Rxc8+ Bxc8 23. Re1 b5 24. Bd5 Bd7 25. b4 h5 26. Rd1 Rh6 27. Bxf7 Bg4 28. f3 Bxf3 29. Rf1 Kxf7 30. Rxf3+ Ke6 31. Rg3 Kf7 32. Rf3+ Rf6 33. Kf2 Ke6 34. Rxf6+ Kxf6 35. Ke3 Ke5 36. g3 g6 37. Kf3 Kf5 38. Ke3 Kg5 39. Kf3 Kf5 40. Ke3 Ke5 1/2-1/2

[Event "Australian Masters"]
[Site "Canterbury"]
[Date "2010.12.04"]
[Round "1"]
[White "Smirnov, Vladimir"]
[Black "Illingworth, Max"]
[Result "1-0"]
[WhiteElo "2379"]
[BlackElo "2304"]
[PlyCount "103"]
[EventDate "2010.12.04"]
[EventType "tourn"]
[EventRounds "9"]
[EventCountry "AUS"]
[EventCategory "3"]
[SourceTitle "CBM 139 Extra"]
[Source "ChessBase"]
[SourceDate "2011.01.05"]
[SourceVersion "1"]
[SourceVersionDate "2011.01.05"]
[SourceQuality "1"]

1. d4 Nf6 2. c4 e6 3. Nf3 b6 4. g3 Ba6 5. Qa4 c6 6. Nc3 b5 7. cxb5 cxb5 8. Nxb5 Qb6 9. Nc3 Bb4 10. Bd2 0-0 11. a3 Bxc3 12. Bxc3 Ne4 13. Bg2 Rc8 14. Ne5 d5 15. 0-0 Bxe2 16. Rfc1 Na6 17. Bxe4 dxe4 18. Qc2 Bb5 19. Qxe4 Nc7 20. a4 Be8 21. Nc4 Qa6 22. Bb4 Nd5 23. Bc5 Rd8 24. b4 Nf6 25. Qe2 Qb7 26. b5 Qd5 27. Ne5 Ne4 28. f3 Nxc5 29. dxc5 a6 30. b6 f6 31. c6 fxe5 32. c7 Rdc8 33. Qe4 Bd7 34. b7 Kf7 35. bxa8Q Rxa8 36. Rab1 Re8 37. Qe3 Kf6 38. Rc5 Qd4 39. Qxd4 exd4 40. f4 g5 41. Rxg5 Rc8 42. Rc5 Bxa4 43. Rb8 Bd7 44. Rxc8 Bxc8 45. Rc4 e5 46. Rc6+ Ke7 47. fxe5 Kd7 48. Rc5 d3 49. Kf2 a5 50. Ke3 Ba6 51. Rxa5 Bc4 52. c8Q+ 1-0

[Event "AUS-ch"]
[Site "Sydney"]
[Date "2010.01.11"]
[Round "9"]
[White "Ikeda, Junta"]
[Black "Smirnov, Vladimir"]
[Result "1/2-1/2"]
[WhiteElo "2275"]
[BlackElo "2392"]
[PlyCount "160"]
[EventDate "2010.01.02"]
[EventType "swiss"]
[EventRounds "11"]
[EventCountry "AUS"]
[SourceTitle "CBM 134 Extra"]
[Source "ChessBase"]
[SourceDate "2010.03.03"]
[SourceVersion "1"]
[SourceVersionDate "2010.03.03"]
[SourceQuality "1"]

1. e4 c5 2. Nf3 Nc6 3. g3 g6 4. Bg2 Bg7 5. 0-0 d6 6. d3 Nf6 7. Nbd2 0-0 8. Qe2 e5 9. c3 Ne8 10. Ne1 f5 11. f4 Nf6 12. Nc4 fxe4 13. dxe4 exf4 14. Bxf4 d5 15. exd5 Nxd5 16. Rd1 Nxf4 17. Rxf4 Qc7 18. Bd5+ Kh8 19. Rxf8+ Bxf8 20. Bxc6 bxc6 21. Qe5+ Qxe5 22. Nxe5 Be6 23. b3 a5 24. N1d3 a4 25. Nf4 Bg8 26. c4 axb3 27. axb3 g5 28. Nh5 Be6 29. Rf1 Bg7 30. Nxg7 Kxg7 31. Nxc6 Bh3 32. Re1 Ra2 33. Ne5 Rg2+ 34. Kh1 Rb2 35. Nd3 Rxb3 36. Nxc5 Rb2 37. Rc1 Bg4 38. Kg1 Bf3 39. Ne6+ Kg6 40. Nd4 Bb7 41. Rc2 Rxc2 42. Nxc2 Kf5 43. Nd4+ Ke5 44. Nb5 Be4 45. c5 Bd3 46. Nd6 Kd5 47. Nf7 Kxc5 48. Nxg5 Kd4 49. Kf2 Ke5 50. Ke3 Bb1 51. Kf3 Bf5 52. Nf7+ Kf6 53. Nd6 Bc2 54. Kf4 Kg6 55. Nc4 Bb1 56. Ne3 Kf6 57. h4 Bd3 58. Ng4+ Kg7 59. Kg5 Bb1 60. Nh6 Bc2 61. g4 Bd1 62. Nf5+ Kf7 63. Ne3 Be2 64. Kh6 Kg8 65. g5 Bd3 66. Nd5 Bc2 67. Nf4 Be4 68. Nh5 Bc2 69. Nf4 Be4 70. Ne2 Bg6 71. Nd4 Kh8 72. Nc6 Bc2 73. Nd4 Bg6 74. Nf3 Kg8 75. Ne5 Bc2 76. Ng4 Bg6 77. h5 Bb1 78. Nf6+ Kh8 79. Nxh7 Bxh7 80. g6 Kg8 1/2-1/2

[Event "AUS-ch"]
[Site "Sydney"]
[Date "2010.01.10"]
[Round "8"]
[White "Smirnov, Vladimir"]
[Black "Zhao, Zong Yuan"]
[Result "1/2-1/2"]
[WhiteElo "2392"]
[BlackElo "2572"]
[PlyCount "106"]
[EventDate "2010.01.02"]
[EventType "swiss"]
[EventRounds "11"]
[EventCountry "AUS"]
[SourceTitle "CBM 134 Extra"]
[Source "ChessBase"]
[SourceDate "2010.03.03"]
[SourceVersion "1"]
[SourceVersionDate "2010.03.03"]
[SourceQuality "1"]

1. d4 Nf6 2. Nf3 e6 3. c4 c5 4. e3 d5 5. Nc3 a6 6. a3 dxc4 7. dxc5 Qxd1+ 8. Kxd1 Bxc5 9. Bxc4 b5 10. Ba2 0-0 11. b4 Be7 12. Bb2 Bb7 13. Ke2 Nbd7 14. Rhd1 Rac8 15. Rac1 Nb6 16. h3 h6 17. Kf1 Nc4 18. Bxc4 Rxc4 19. Ne5 Rc7 20. Ne2 Rfc8 21. Rxc7 Rxc7 22. Rc1 Bd6 23. Rxc7 Bxc7 24. f3 Nd5 25. Kf2 Nb6 26. Nd3 Nc4 27. Bc1 Kf8 28. Nc5 Bc8 29. Nd4 Ke7 30. Ke2 e5 31. Ndb3 h5 32. Nd2 Nd6 33. Nde4 Nxe4 34. Nxe4 Be6 35. Nd2 h4 36. Bb2 f6 37. Bc3 Kd6 38. Kd3 Kc6 39. Ke2 Bb6 40. Kd3 Bf5+ 41. Ke2 Bc2 42. Bb2 Kd5 43. e4+ Ke6 44. Nf1 Bd4 45. Bc1 g6 46. Ne3 Bb1 47. Kd2 f5 48. Nc2 Bg1 49. Kc3 Ba2 50. Be3 Bh2 51. Ne1 Bc4 52. Nd3 Kf6 53. Bb6 Bxd3 1/2-1/2

[Event "AUS-ch"]
[Site "Sydney"]
[Date "2010.01.07"]
[Round "5"]
[White "Smirnov, Vladimir"]
[Black "Johansen, Darryl Keith"]
[Result "1/2-1/2"]
[WhiteElo "2392"]
[BlackElo "2453"]
[PlyCount "104"]
[EventDate "2010.01.02"]
[EventType "swiss"]
[EventRounds "11"]
[EventCountry "AUS"]
[SourceTitle "CBM 134 Extra"]
[Source "ChessBase"]
[SourceDate "2010.03.03"]
[SourceVersion "1"]
[SourceVersionDate "2010.03.03"]
[SourceQuality "1"]

1. d4 Nf6 2. Nf3 e6 3. g3 d5 4. Bg2 Be7 5. 0-0 0-0 6. b3 b6 7. Bb2 Bb7 8. Nbd2 Nbd7 9. e3 c5 10. c4 Rc8 11. Rc1 Rc7 12. Qe2 Qa8 13. Ne5 dxc4 14. Bxb7 Qxb7 15. Ndxc4 cxd4 16. Bxd4 Rfc8 17. Nxd7 Nxd7 18. Qg4 g6 19. Rcd1 b5 20. Ne5 Nf6 21. Qe2 Ne4 22. a4 f6 23. Nf3 e5 24. Ba1 a6 25. axb5 axb5 26. Nd2 Nc3 27. Bxc3 Rxc3 28. Qg4 f5 29. Qf3 e4 30. Qf4 Qc7 31. Qh6 Bf8 32. Qg5 Kg7 33. Qh4 Be7 34. Qh3 Rd8 35. g4 Rc2 36. Nb1 Rxd1 37. Rxd1 Rc1 38. Qf1 Rxd1 39. Qxd1 Qe5 40. Qd7 Kh6 41. Nd2 Qd6 42. Qxd6 Bxd6 43. gxf5 gxf5 44. Nf1 Kg5 45. Ng3 h5 46. Kg2 h4 47. Ne2 Be5 48. h3 Kf6 49. f3 Ke6 50. fxe4 fxe4 51. Kf2 Kd5 52. Ke1 b4 1/2-1/2

[Event "AUS-ch"]
[Site "Sydney"]
[Date "2010.01.06"]
[Round "4"]
[White "Brown, Alan M"]
[Black "Smirnov, Vladimir"]
[Result "0-1"]
[WhiteElo "2144"]
[BlackElo "2392"]
[PlyCount "56"]
[EventDate "2010.01.02"]
[EventType "swiss"]
[EventRounds "11"]
[EventCountry "AUS"]
[SourceTitle "CBM 134 Extra"]
[Source "ChessBase"]
[SourceDate "2010.03.03"]
[SourceVersion "1"]
[SourceVersionDate "2010.03.03"]
[SourceQuality "1"]

1. d4 e6 2. c4 b6 3. Nf3 Bb7 4. g3 Bb4+ 5. Nbd2 c5 6. a3 Bxd2+ 7. Qxd2 Nc6 8. d5 Na5 9. Qc2 exd5 10. cxd5 Bxd5 11. Bg5 f6 12. Bf4 Ne7 13. b4 Nb3 14. Rd1 Bxf3 15. exf3 Nd4 16. Qd3 d5 17. Bg2 0-0 18. 0-0 Ng6 19. Bc1 Ne5 20. Qe3 Re8 21. Rxd4 Nc6 22. Qxe8+ Qxe8 23. Rxd5 cxb4 24. Rfd1 b3 25. f4 Rc8 26. Rd6 Na5 27. Bh3 Nb7 28. Re6 Qh5 0-1

[Event "Sydney op-A"]
[Site "Parramatta"]
[Date "2009.04.15"]
[Round "2"]
[White "Smirnov, Vladimir"]
[Black "Lester, George E"]
[Result "1-0"]
[WhiteElo "2365"]
[BlackElo "1801"]
[PlyCount "101"]
[EventDate "2009.04.15"]
[EventType "swiss"]
[EventRounds "9"]
[EventCountry "AUS"]
[SourceTitle "CBM 129 Extra"]
[Source "ChessBase"]
[SourceDate "2009.05.05"]
[SourceVersion "2"]
[SourceVersionDate "2009.05.20"]
[SourceQuality "1"]

1. d4 Nf6 2. Nf3 g6 3. c4 Bg7 4. Nc3 d6 5. e4 0-0 6. Bg5 h6 7. Be3 Ng4 8. Bd2 e5 9. dxe5 dxe5 10. h3 Nf6 11. Be2 Qe7 12. Nd5 Nxd5 13. cxd5 c6 14. Qb3 a5 15. 0-0 cxd5 16. exd5 Rd8 17. Rfd1 e4 18. Nh2 a4 19. Qb5 Na6 20. Ba5 Nc7 21. Qb6 Rxa5 22. Qxa5 Bxb2 23. d6 Rxd6 24. Rxd6 Bxa1 25. Rd1 Bf6 26. Ng4 Bxg4 27. Bxg4 Qe5 28. Qxe5 Bxe5 29. Rb1 b5 30. Bd7 a3 31. Bxb5 Nxb5 32. Rxb5 Bd6 33. g4 Kg7 34. Rd5 Bc7 35. Rd7 Be5 36. Re7 Kf6 37. Re8 h5 38. Kf1 hxg4 39. hxg4 e3 40. f3 Bd4 41. Ke2 Kg5 42. Re4 Bb2 43. Kxe3 f5 44. Rc4 fxg4 45. Rxg4+ Kf5 46. Rc4 Bf6 47. Rc5+ Ke6 48. Ke4 Be7 49. Rc6+ Bd6 50. Ra6 g5 51. Kd4 1-0

[Event "Australian op"]
[Site "Manly Sydney"]
[Date "2009.01.10"]
[Round "10"]
[White "Smirnov, Vladimir"]
[Black "Illingworth, Max"]
[Result "1/2-1/2"]
[WhiteElo "2372"]
[BlackElo "2250"]
[PlyCount "72"]
[EventDate "2009.01.02"]
[EventType "swiss"]
[EventRounds "11"]
[EventCountry "AUS"]
[SourceTitle "CBM 128 Extra"]
[Source "ChessBase"]
[SourceDate "2009.03.05"]
[SourceVersion "2"]
[SourceVersionDate "2009.03.25"]
[SourceQuality "1"]

1. d4 e6 2. Nf3 Nf6 3. c4 Bb4+ 4. Bd2 Qe7 5. g3 Nc6 6. Bg2 Bxd2+ 7. Nbxd2 d6 8. e4 0-0 9. 0-0 e5 10. d5 Nb8 11. Ne1 a5 12. Nd3 Na6 13. a3 Bd7 14. b4 axb4 15. axb4 c6 16. Qb3 cxd5 17. cxd5 Bb5 18. Nc4 Nd7 19. Rfc1 Rac8 20. Bh3 g6 21. Ne3 Kg7 22. Nb2 Rc7 23. Rxc7 Nxc7 24. Rc1 Nb6 25. Nbc4 Nxc4 26. Nxc4 Ba6 27. Na3 Nb5 28. Nxb5 Bxb5 29. Qe3 Ra8 30. Bf1 Bxf1 31. Rxf1 Qd8 32. Rc1 Ra2 33. h4 Rb2 34. Qc3 Ra2 35. Qe3 Rb2 36. Qc3 Ra2 1/2-1/2

[Event "Australian Masters"]
[Site "Melbourne"]
[Date "2008.12.14"]
[Round "9"]
[White "Rujevic, Mirko"]
[Black "Smirnov, Vladimir"]
[Result "0-1"]
[WhiteElo "2281"]
[BlackElo "2338"]
[PlyCount "128"]
[EventDate "2008.12.06"]
[EventType "tourn"]
[EventRounds "9"]
[EventCountry "AUS"]
[SourceTitle "EXT 2023"]
[Source "ChessBase"]
[SourceDate "2022.10.05"]
[SourceVersion "1"]
[SourceVersionDate "2022.10.05"]
[SourceQuality "1"]

1. e4 c5 2. Nf3 Nc6 3. d4 cxd4 4. Nxd4 Nf6 5. Nc3 e5 6. Ndb5 h6 7. Nd6+ Bxd6 8. Qxd6 Qe7 9. Qxe7+ Kxe7 10. Be3 d6 11. f3 a6 12. g4 Be6 13. 0-0-0 b5 14. a3 Rac8 15. Kb1 Na5 16. h4 Nc4 17. Bxc4 Bxc4 18. g5 Nh5 19. gxh6 gxh6 20. Rhg1 Be6 21. Rd2 Rcg8 22. Rgd1 Rd8 23. b3 Nf6 24. f4 Rc8 25. Rd3 Bg4 26. Rf1 Rc6 27. Kb2 Be6 28. fxe5 dxe5 29. Nd5+ Bxd5 30. exd5 Rcc8 31. d6+ Ke6 32. d7 Rcd8 33. Bb6 Ne4 34. Bxd8 Rxd8 35. c4 f5 36. cxb5 axb5 37. Rg1 f4 38. Rg6+ Kf5 39. Rxh6 Nf6 40. Rd6 Ne4 41. Rd3 Nf6 42. a4 bxa4 43. bxa4 e4 44. Rd6 Nxd7 45. Kc3 e3 46. Rh5+ Kg4 47. Rh7 Rc8+ 48. Kd4 Nc5 49. Re7 Kf3 50. Rf6 e2 51. Rxf4+ Kxf4 52. Rxe2 Nxa4 53. Rh2 Nc5 54. h5 Ne6+ 55. Kd5 Ng5 56. h6 Rd8+ 57. Kc6 Kf5 58. h7 Rh8 59. Rh6 Nf7 60. Rh1 Kg6 61. Kc5 Ng5 62. Kd5 Nxh7 63. Rh2 Nf6+ 64. Kd4 Rxh2 0-1